Normal view
MARC view
Entry Personal Name
001 - CONTROL NUMBER
- control field: 40246
003 - CONTROL NUMBER IDENTIFIER
- control field: OSt
005 - DATE AND TIME OF LATEST TRANSACTION
- control field: 20230905144801.0
008 - FIXED-LENGTH DATA ELEMENTS
- fixed length control field: 230905|| aca||aabn | a|a d
040 ## - CATALOGING SOURCE
- Original cataloging agency: OSt
- Transcribing agency: OSt
100 ## - HEADING--PERSONAL NAME
- Personal name: Singh, Vanita
670 ## - SOURCE DATA FOUND
- Source citation: Work cat.: (OSt)522643: Singh, Vanita , TO RX or not: Mainstreaming informal providers
